MARC

LEADER 00000nam0a2200000 4500
001 293476
005 20231102000610.0
035 |a (RuTPU)RU\TPU\book\318504 
035 |a RU\TPU\book\293433 
090 |a 293476 
100 |a 20150430d1985 k y0rusy50 ca 
101 0 |a rus 
102 |a GE 
105 |a a z 001zy 
200 1 |a Теория механизмов и машин  |e научные труды  |f Академия наук Грузинской ССР, Грузинский политехнический институт им. В. И. Ленина 
210 |a Тбилиси  |c Изд-во Грузинского политехнического института им. В. И. Ленина  |d 1985 
215 |a 175 с.  |c ил. 
225 1 |a Труды Грузинского политехнического института  |v № 14 (296) 
320 |a Библиогр. в конце статей 
606 1 |a Механизмы и машины  |x Теория  |2 stltpush  |3 (RuTPU)RU\TPU\subj\64695  |9 81456 
610 1 |a рычажные механизмы 
610 1 |a динамика 
610 1 |a стержневые манипуляторы 
610 1 |a приводы 
610 1 |a гидравлические системы 
610 1 |a проектирование 
610 1 |a гидравлические следящие приводы 
610 1 |a сферические шарнирные механизмы 
610 1 |a анализ 
610 1 |a синтез 
675 |a 621.01  |v 4 
712 0 2 |a Академия наук Грузинской ССР  |b Грузинский политехнический институт им. В. И. Ленина  |2 stltpush  |3 (RuTPU)RU\TPU\col\11822 
801 1 |a RU  |b 63413507  |c 20111027 
801 2 |a RU  |b 63413507  |c 20170209  |g RCR 
942 |c BK